000 00742nam a2200241 a 4500
001 BRCA_6586
005 20190320205519.0
008 021011s1962----u--a######---#000-0#eng-#
041 _aeng
044 _au
050 4 _aND547
_b.C65 1962
100 1 _aChâtelet, Albert.
_916431
245 1 0 _aImpressionist Painting
_cby Albert Châtelet.
260 _aE. U. A.
_bMcGraw-Hill
_cc1962
300 _a47 p.
_bil.
_c25 cm.
_e24 diapositivas (1 planilla esta suelta).
440 0 _aColor Slide Program of the World´s Art
_916432
500 _aDonación Dra. Elsa Barberena
650 1 4 _aImpresionismo
_xArte
_zFrancia
_916433
650 1 4 _aPintura francesa
_95229
650 1 4 _aPintura
_xDiapositivas
_916434
902 _aDEB
942 _2lcc
_cB
999 _c6270
_d6270